Relativistic nuclear physics and quantum chromodynamics // Relativistic nuclear physics and quantum chromodynamics. - Vol. 1 (Запись № 3940558)

Подробности
000 -МАРКЕР
контрольное поле 02148nam1a2200349 i 4500
001 - ИДЕНТИФИКАТОР ЗАПИСИ
контрольное поле RU\NLR\b_ik\197877
005 - ИДЕНТИФИКАТОР ВЕРСИИ
контрольное поле 20260408005852.0
035 ## - ДРУГИЕ СИСТЕМНЫЕ НОМЕРА
Идентификатор записи (NLR Aleph) 002270259
100 ## - ДАННЫЕ ОБЩЕЙ ОБРАБОТКИ
Данные общей обработки 20121017g20119999u y0rusy50 ba
101 0# - ЯЗЫК РЕСУРСА
Язык текста, звукозаписи и т.д. английский
Язык резюме русский
102 ## - СТРАНА ПУБЛИКАЦИИ ИЛИ ПРОИЗВОДСТВА
Страна публикации российская федерация
105 ## - ПОЛЕ КОДИРОВАННЫХ ДАННЫХ: ТЕКСТОВЫЕ МАТЕРИАЛЫ, МОНОГРАФИЧЕСКИЕ
Кодированные данные о монографическом текстовом документе ||||z |||||
200 1# - ЗАГЛАВИЕ И СВЕДЕНИЯ ОБ ОТВЕТСТВЕННОСТИ
Основное заглавие Relativistic nuclear physics and quantum chromodynamics
Сведения, относящиеся к заглавию proceedings of the XX International Baldin seminar on high energy physics problems, ISHEPP XX, Dubna, October 4-9, 2010
Первые сведения об ответственности ed.: S.G. Bondarenko [et al.]
210 ## - ПУБЛИКАЦИЯ, РАСПРОСТРАНЕНИЕ И ДР.
Место издания, распространения и т.д. Dubna
Имя издателя, распространителя и т. д. Joint inst. for nuclear research
Дата издания, распространения и т.д. 2011
215 ## - ФИЗИЧЕСКАЯ ХАРАКТЕРИСТИКА
Размеры 22
300 ## - ОБЩИЕ ПРИМЕЧАНИЯ
Текст примечания В вып. дан.: Релятивистская ядерная физика и квантовая хромодинамика: труды XX Международного Балдинского семинара по проблемам физики высоких энергий
300 ## - ОБЩИЕ ПРИМЕЧАНИЯ
Текст примечания В надзаг.: Joint inst. for nuclear research
300 ## - ОБЩИЕ ПРИМЕЧАНИЯ
Текст примечания Рез. на рус. яз.
320 ## - ПРИМЕЧАНИЯ О НАЛИЧИИ В ДОКУМЕНТЕ БИБЛИОГРАФИИ / УКАЗАТЕЛЯ
Текст примечания Библиогр. в конце докл.
463 #1 - УРОВЕНЬ ФИЗИЧЕСКОЙ ЕДИНИЦЫ
Встроенное поле 001RU\NLR\b_ik\195173
-- 200##$aVol. 1
Идентификатор связанной записи RU\NLR\b_ik\195173
Системный номер (АБИС) связанной записи 3905387
Место публикации Б. м.
Дата публикации 2011
Физическая характеристика XV, 346 с.
Заглавие Relativistic nuclear physics and quantum chromodynamics. - Vol. 1
ISBN 978-5-9530-0308-7
517 0# - ДРУГИЕ ВАРИАНТЫ ЗАГЛАВИЯ
Вариант заглавия Релятивистская ядерная физика и квантовая хромодинамика
Сведения, относящиеся к заглавию труды XX Международного Балдинского семинара по проблемам физики высоких энергий
606 ## - НАИМЕНОВАНИЕ ТЕМЫ КАК ПРЕДМЕТ
Наименование темы Квантовая хромодинамика
Формальный подзаголовок Съезды, совещания и т.п.
Системный номер авторитетной/нормативной записи 912362
Идентификатор авторитетной/нормативной записи RU\NLR\AUTH\6613752
606 ## - НАИМЕНОВАНИЕ ТЕМЫ КАК ПРЕДМЕТ
Наименование темы Релятивистская ядерная физика
Формальный подзаголовок Съезды, совещания и т.п.
Системный номер авторитетной/нормативной записи 2181919
Идентификатор авторитетной/нормативной записи RU\NLR\AUTH\661312056
686 1# - ИНДЕКСЫ ДРУГИХ КЛАССИФИКАЦИЙ
Индекс В382.145я431(0)
686 1# - ИНДЕКСЫ ДРУГИХ КЛАССИФИКАЦИЙ
Индекс В383я431(0)
702 #1 - ИМЯ ЛИЦА - ВТОРИЧНАЯ ОТВЕТСТВЕННОСТЬ
Начальный элемент ввода Bondarenko
Часть имени, кроме начального элемента ввода S. G.
Код отношения Редактор
711 12 - НАИМЕНОВАНИЕ ОРГАНИЗАЦИИ - АЛЬТЕРНАТИВНАЯ ОТВЕТСТВЕННОСТЬ
Материалы, к которым относится поле eng
Начальный элемент ввода International seminar on high energy physics
Порядковый номер временной организации и / или порядковый номер ее части 21
Дата проведения временной организации 2012
Место проведения временной организации Dubna
Графика поля Латинская
Идентификатор авторитетной/нормативной записи RU\NLR\AUTH\8810171005
Системный номер авторитетной/нормативной записи 837867
801 #0 - ИСТОЧНИК ЗАПИСИ
Страна российская федерация
Организация NLR
Дата составления 20121017
Правила каталогизации RCR
852 ## - МЕСТОНАХОЖДЕНИЕ И ШИФР ХРАНЕНИЯ
Идентификатор организации NLR
Шифр хранения (Call Number) 2012-5/419
942 ## - ДОПОЛНИТЕЛЬНЫЕ ЭЛЕМЕНТЫ ЗАПИСИ (АБИС)
Тип экземпляра АБИС Книга

Нет доступных экземпляров.